| 000 | 00443nam a2200181Ia 4500 | ||
|---|---|---|---|
| 001 | 14323 | ||
| 005 | 20260306164906.0 | ||
| 008 | 260306t2003||||xx |||||||||||||| ||spa|| | ||
| 041 | _aESP | ||
| 082 |
_a511.3 _bL93 |
||
| 100 |
_aLovász, László _eAUT |
||
| 245 | 0 |
_aDiscrete mathematics: _belementary and beyond |
|
| 260 | _c2003 | ||
| 300 |
_aix, 290 páginas : _c23 cm. |
||
| 650 | _aGEN | ||
| 654 | _aCMA | ||
| 942 |
_cLIB _dJUS _fJUS _2ddc _n |
||
| 999 |
_c14323 _d14323 |
||